Представление документа в формате MARC21

Поле Инд. ПП Название Значение
Тип записи a
Библиографический уровень m
001 Контрольный номер e6d35bda-8be8-44aa-8dd0-3898f8921123
005 Дата корректировки 20131112064653.7
008 Кодируемые данные 010402 d
020 a ISBN 5-86617-016-7
c Цена, тираж 19.00
040 a Служба первич. каталог. НБ ТвГУ
041 a Код языка текста rus
080 a Индекс УДК 517
084 a Индекс другой классификации/Индекс ББК В161
090 x Авторский знак Л65
a Полочн. индекс В161
100 1_ a Автор Лихтарников Леонид Моисеевич
245 10 a Заглавие Основы математического анализа
b Продолж. заглавия (Кн. для учителей математики ст. кл. сред. шк.)
260 0_ a Место издания СПб.
b Издательство Лань
c Дата издания 1997
300 a Объем 301,[1] с.
b Иллюстрации/ тип воспроизводства ил.
583 a Действие Получение впервые 116 04.04.2000
k Исполнитель действия Взамен утраченных
650 a Основная рубрика Математический анализ
653 a Ключевые слова Математический анализ
700 1_ a Другие авторы Поволоцкий А. И.
e Роль лиц авт.
852 t Порядковый номер экземпляра 1
p Инвентарный номер 721418
888 a Бесплатные
952 p 116.2000 19.00 1 721418
c Вид литературы К ру
954 a Дата поступления на обработку 20000411
999 a Подразделение 2 Фил3